000 00430nam a2200157Ia 4500
008 240729s9999 xx 000 0 und d
022 _a1942-4396
245 0 _aJournal of the California Dental Association
260 _aUnited Kingdom
260 _bTaylor & Francis Group
650 _a Dentistry
650 _aMedicine
856 _uhttps://doaj.org/toc/b0d900c4dec04f14881c28a2a2e014a2
942 _2ddc
942 _cDOAJEJ
999 _c69176
_d69176
945 _a1
_bMadushi Gamage
_c1
_dMadushi Gamage